| 000 | 01171nam a2200205Ia 4500 | ||
|---|---|---|---|
| 003 | Ost | ||
| 005 | 20260507075434.0 | ||
| 008 | 260507s9999||||xx |||||||||||||| ||und|| | ||
| 040 | _cfsecg | ||
| 041 | _aara | ||
| 082 | _a341.75 | ||
| 100 |
_aناصف عطية، ايمان _eمؤلف |
||
| 245 | 0 |
_aمبادئ الاقتصاد الدولي / _c ايمان ناصف عطية |
|
| 260 |
_aالاسكندرية: _bالمكتب الجامعي الحديث, _c2007 |
||
| 300 |
_a330 صفحة؛ _bإيضاحات ؛ _c24 سم |
||
| 520 | _aيضم طبيعة الاقتصاد الدولي، النظرية الكلاسيكية للتجارة الدولية، النظرية النيوكلاسيكية في التجارة الدولية، نظرية هيكشر أولين(هبات عناصر الانتاج)، تحديد معدل التبادل الدولي، سياسات التجارة الخارجية، التكامل الاقتصادي، المفهوم والاهداف، صور التكامل الاقتصادي ومداخله، ميزان المدفوعات | ||
| 653 | _aالاقتصاد الدولي | ||
| 653 | _aالتجارة الدولية | ||
| 942 | _cكتاب | ||
| 999 |
_c44530 _d44530 |
||